Online katalóg knižníc regiónu Turca

Dobrodružstvá rušňa Tomáša (Record no. 21637)

MARC details
000 -LEADER
fixed length control field 01690nam a2200481 a 4500
001 - CONTROL NUMBER
control field 21637
003 - CONTROL NUMBER IDENTIFIER
control field VRT
005 - DATE AND TIME OF LATEST TRANSACTION
control field 20260307100235.0
008 - FIXED-LENGTH DATA ELEMENTS--GENERAL INFORMATION
fixed length control field 180731 2010 xr a b 000 0 slo d
020 ## - INTERNATIONAL STANDARD BOOK NUMBER
International Standard Book Number 9788025215173
Qualifying information (viaz.)
039 #9 - LEVEL OF BIBLIOGRAPHIC CONTROL AND CODING DETAIL [OBSOLETE]
Level of rules in bibliographic description 202403290300
Level of effort used to assign nonsubject heading access points AUTHORITY
Level of effort used to assign subject headings 202304202234
Level of effort used to assign classification AUTHORITY
Level of effort used to assign subject headings 202102111507
Level of effort used to assign classification AUTHORITY
Level of effort used to assign subject headings 202001151043
Level of effort used to assign classification AUTHORITY
040 ## - CATALOGING SOURCE
Original cataloging agency SKPK
Language of cataloging slo
Transcribing agency SKPK
Description conventions AACR2
041 1# - LANGUAGE CODE
Language code of text/sound track or separate title slo
Language code of original eng
044 ## - COUNTRY OF PUBLISHING/PRODUCING ENTITY CODE
MARC country code xr
ISO country code CZ
072 #7 - SUBJECT CATEGORY CODE
Subject category code 821.111-3
Subject category code subdivision Anglická próza, anglicky písaná
Source konspekt
072 #7 - SUBJECT CATEGORY CODE
Subject category code 821-93
Subject category code subdivision Literatúra pre deti a mládež
Source konspekt
080 ## - UNIVERSAL DECIMAL CLASSIFICATION NUMBER
Universal Decimal Classification number 821.111-31
Edition identifier 2001
080 ## - UNIVERSAL DECIMAL CLASSIFICATION NUMBER
Universal Decimal Classification number 821-93
Edition identifier 2001
080 ## - UNIVERSAL DECIMAL CLASSIFICATION NUMBER
Universal Decimal Classification number (0:82-34)
Edition identifier 2001
100 1# - MAIN ENTRY--PERSONAL NAME
Personal name Awdry, W.,
Dates associated with a name 1911-1997
240 10 - UNIFORM TITLE
Uniform title Thomas the tank engine & friends
Language of a work Slovensky
245 10 - TITLE STATEMENT
Title Dobrodružstvá rušňa Tomáša
Number of part/section of a work 12
Statement of responsibility, etc. rev. W. Awdry, [ Ch. Awdry] ; ilustrácie Robin Davies a Jerry Smith ; [preklad Žofia Dzuriková]
250 ## - EDITION STATEMENT
Edition statement 2. vyd.
260 ## - PUBLICATION, DISTRIBUTION, ETC.
Place of publication, distribution, etc. V Prahe
Name of publisher, distributor, etc. Egmont ČR
Date of publication, distribution, etc. 2010
300 ## - PHYSICAL DESCRIPTION
Extent 76 s.
Other physical details fareb. ilustr.
Dimensions 27 cm
490 1# - SERIES STATEMENT
Series statement Tomáš a jeho kamráti
500 ## - GENERAL NOTE
General note Na obale sú uvedení ako autori W. a Ch.Awdry
500 ## - GENERAL NOTE
General note Preložené z angličtiny
655 #7 - INDEX TERM--GENRE/FORM
Genre/form data or focus term anglické rozprávky
Source of term SNKPH
655 #7 - INDEX TERM--GENRE/FORM
Genre/form data or focus term publikácie pre deti
Source of term SNKPH
700 1# - ADDED ENTRY--PERSONAL NAME
Personal name Awdry, Ch.
Relationship aut
700 1# - ADDED ENTRY--PERSONAL NAME
Personal name Davies, Robin,
Dates associated with a name 1950-
Relationship ill
700 1# - ADDED ENTRY--PERSONAL NAME
Personal name Smith, Jerry
Relationship ill
700 1# - ADDED ENTRY--PERSONAL NAME
Personal name Dzuriková, Žofia
Relationship trl
830 #0 - SERIES ADDED ENTRY--UNIFORM TITLE
Uniform title Tomáš a jeho kamráti
910 ## - USER-OPTION DATA (OCLC)
User-option data skpk
910 ## - USER-OPTION DATA (OCLC)
User-option data hevk
910 ## - USER-OPTION DATA (OCLC)
User-option data bpksh
942 ## - ADDED ENTRY ELEMENTS (KOHA)
Source of classification or shelving scheme Dewey Decimal Classification
Koha item type Krásna literatúra pre deti
Suppress in OPAC No
949 ## - LOCAL PROCESSING INFORMATION (OCLC)
6 3869A17449
a bpksh821.111-34
b bpksh61738
949 ## - LOCAL PROCESSING INFORMATION (OCLC)
6 3869A17193
a bpksh821.111-31
b bpksh60267
949 ## - LOCAL PROCESSING INFORMATION (OCLC)
6 3869A17194
a bpksh821.111-31
b bpksh60266
Holdings
Stav vyradenia Strata Poškodenie Spôsob nadobudnutia Domovská knižnica Aktuálna knižnica Dátum nadobudnutia Total checkouts Čiarový kód exemplára Date last seen Typ exemplára
      Dar Obecná knižnica Horná Štubňa Obecná knižnica Horná Štubňa 07.03.2026   9788025215173 07.03.2026 Krásna literatúra pre deti
Projekt je podporený Slovenskou asociáciou knižníc
Prevádzkuje Turčianska knižnica Martin 2026